000 004020000a22001570004500
003 MACL
005 20150703143101.0
008 150703b xxu||||| |||| 00| 0 eng d
040 _aMACL
_cMACL
100 _aBhagawati, Dhiren
_9460
245 _aMeghalaya
_bIssues and Legacies of its Early Years
260 _bD V S PubliShers
_c2007
350 _a350
650 _aSociology
_919
942 _cBK
_k300
_2ddc
999 _c8033
_d8033